Countries by HDI with a map - extreme - Statistics

General Stats
  • This quiz has been taken 50 times
  • The average score is 57 of 192
Answers on the Map
Answers color-coded by a green-red scale on the quiz's map according to % correct below.
 
Answer Stats
Answer % Correct
Iceland
87%
Norway
87%
Switzerland
83%
Ireland
78%
Australia
74%
Belgium
74%
Canada
74%
Denmark
74%
Finland
74%
France
74%
Germany
74%
Japan
74%
Luxembourg
74%
Netherlands
74%
New Zealand
74%
Singapore
74%
South Korea
74%
Sweden
74%
United Kingdom
74%
Austria
70%
Chile
70%
Czechia
70%
Estonia
70%
Greece
70%
Hungary
70%
Italy
70%
Latvia
70%
Lithuania
70%
Poland
70%
Portugal
70%
Slovakia
70%
Spain
70%
Cyprus
65%
Israel
65%
Malta
65%
United States
65%
Uruguay
65%
Andorra
61%
Croatia
61%
Liechtenstein
61%
San Marino
61%
Slovenia
61%
United Arab Emirates
61%
Bahrain
57%
Qatar
57%
Saudi Arabia
57%
Argentina
52%
Romania
52%
Turkey
52%
Bulgaria
48%
Oman
48%
Russia
48%
Armenia
39%
Belarus
39%
Brunei
39%
Georgia
39%
Kuwait
39%
Malaysia
39%
Montenegro
39%
Panama
39%
Serbia
39%
Bahamas
35%
Costa Rica
35%
Kazakhstan
35%
China
30%
Moldova
30%
Seychelles
30%
Thailand
30%
Albania
26%
Antigua and Barbuda
26%
Barbados
26%
Bosnia and Herzegovina
26%
Cuba
26%
Mauritius
26%
Mexico
26%
North Macedonia
26%
Saint Kitts and Nevis
26%
Ukraine
26%
Vietnam
26%
Azerbaijan
22%
Granada
22%
Iran
22%
Mongolia
22%
Peru
22%
Philippines
22%
Saint Vincent and the Grenadines
22%
Sri Lanka
22%
Trinidad and Tobago
22%
Uzbekistan
22%
Algeria
17%
Bhutan
17%
Brazil
17%
Burkina Faso
17%
Burundi
17%
Central African Republic
17%
Chad
17%
Colombia
17%
Dominica
17%
Dominican Republic
17%
Ecuador
17%
Guyana
17%
India
17%
Jamaica
17%
Maldives
17%
Mali
17%
Nepal
17%
Niger
17%
Palau
17%
Paraguay
17%
Somalia
17%
South Sudan
17%
Tonga
17%
Turkmenistan
17%
Yemen
17%
Belize
13%
Bolivia
13%
Botswana
13%
Democratic Republic of The Congo
13%
Egypt
13%
Eritrea
13%
Ethiopia
13%
Fiji
13%
Gabon
13%
Indonesia
13%
Iraq
13%
Jordan
13%
Lebanon
13%
Libya
13%
Madagascar
13%
Malawi
13%
Marshall Islands
13%
Mozambique
13%
Papua New Guinea
13%
Saint Lucia
13%
Sierra Leone
13%
South Africa
13%
Sudan
13%
Suriname
13%
Tunisia
13%
Afghanistan
9%
Angola
9%
Bangladesh
9%
Benin
9%
Cambodia
9%
Cameroon
9%
Djibouti
9%
Equatorial Guinea
9%
Eswatini
9%
Gambia
9%
Guinea
9%
Guinea-Bissau
9%
Haiti
9%
Honduras
9%
Ivory Coast
9%
Kenya
9%
Kyrgyzstan
9%
Laos
9%
Lesotho
9%
Liberia
9%
Mauritania
9%
Morocco
9%
Myanmar
9%
Nauru
9%
Nicaragua
9%
Nigeria
9%
Pakistan
9%
Republic of The Congo
9%
Rwanda
9%
Samoa
9%
Senegal
9%
Syria
9%
Tajikistan
9%
Tanzania
9%
Togo
9%
Uganda
9%
Venezuela
9%
Zambia
9%
Zimbabwe
9%
Cape Verde
4%
Comoros
4%
El Salvador
4%
Ghana
4%
Guatemala
4%
Kiribati
4%
Micronesia
4%
Namibia
4%
São Tomé and Príncipe
4%
Solomon Islands
4%
Timor-Leste
4%
Tuvalu
4%
Vanuatu
4%
Palestine
0%
No matching quizzes found
Score Distribution
Percent of People with Each Score
Percentile by Number Answered
Your Score History
You have not taken this quiz